History - Other History | 0 | 4 | 1 | 2 | 35 | 64 | 112.25 | 0 | 1 |
Mythology | 0 | 3 | 0 | 0 | 30 | 133 | 140.00 | 0 | 0 |
History - European History | 0 | 3 | 0 | 1 | 30 | 63 | 99.33 | 0 | 1 |
Other | 0 | 3 | 1 | 0 | 25 | 74 | 92.33 | 0 | 2 |
Fine Arts - Painting & Sculpture | 0 | 3 | 1 | 0 | 25 | 91 | 103.00 | 0 | 1 |
Fine Arts - Classical Music | 0 | 2 | 0 | 1 | 20 | 115 | 124.00 | 0 | 0 |
Literature - World Literature | 0 | 2 | 0 | 0 | 20 | 120 | 133.50 | 0 | 0 |
Social Science | 0 | 2 | 0 | 1 | 20 | 105 | 112.50 | 0 | 0 |
History - American History | 0 | 1 | 0 | 0 | 10 | 94 | 94.00 | 0 | 0 |
Literature - American Literature | 0 | 1 | 0 | 0 | 10 | 136 | 136.00 | 0 | 0 |
Science - Physics | 0 | 1 | 1 | 0 | 5 | 125 | 125.00 | 0 | 0 |
Literature - British Literature | 0 | 1 | 1 | 0 | 5 | 126 | 126.00 | 0 | 0 |
Literature - European Literature | 0 | 2 | 3 | 0 | 5 | 90 | 118.00 | 0 | 1 |
History - World History | 0 | 1 | 2 | 0 | 0 | 113 | 113.00 | 0 | 0 |
Fine Arts - Other Fine Arts | 0 | 0 | 0 | 0 | 0 | | 0.00 | 0 | 0 |
Philosophy | 0 | 0 | 1 | 0 | -5 | | 0.00 | 0 | 0 |
Science - Biology | 0 | 0 | 1 | 0 | -5 | | 0.00 | 0 | 0 |
Science - Other Science | 0 | 0 | 1 | 0 | -5 | | 0.00 | 0 | 0 |
Religion | 0 | 0 | 3 | 0 | -15 | | 0.00 | 0 | 0 |